000
00176 a2200085 4500
020
_a
9788415492603
100
_a
Dimitris Kottas
245
_a
Landscape: 1000 Ideas
260
_c
2013
999
_c
13588
_d
13588